Functional Groups - Statistics

General Stats
  • This quiz has been taken 79 times
  • The average score is 6 of 7
Answer Stats
Picture Answer % Correct
Alcohol
98%
Amine
93%
Aldehyde
87%
Ketone
87%
Carboxylic Acid
84%
Amide
80%
Ester
78%
No matching quizzes found
Score Distribution
Percent of People with Each Score
Percentile by Number Answered
Your Score History
You have not taken this quiz